00616nam a2200265Ia 4500008004000000020001800040041000800058082001700066100001900083245007800102260003600180300001300216650000800229650001200237650000700249650001000256650001100266650000900277650001500286650001200301650001300313650000900326650000900335650000600344210210b2006 xxu||||| |||| 00| 0 eng d a81 250 3005 0 aeng a954.029 JOSR aJOSEPH (Betty) aReading the East India Company 1720 - 1840bColonial currencies of gender aHyderabadbOrient Longmanc2006 axiv--220 athe aReading aof aIndia agender aEast acurrencies aCompany aColonial a1840 a1720 a-